Countries with the Moon on Their Flag - Statistics

General Stats
  • This quiz has been taken 742 times
    739 since last reset
  • The average score is 10 of 15
Answer Stats
Country % Correct
Turkey
91%
Algeria
81%
Pakistan
81%
Tunisia
80%
Libya
71%
Uzbekistan
69%
Turkmenistan
68%
Mauritania
64%
Azerbaijan
63%
Malaysia
61%
Singapore
58%
Maldives
55%
Comoros
51%
Nepal
37%
Mongolia
29%
No matching quizzes found
Score Distribution
Percent of People with Each Score
Percentile by Number Answered
Your Score History
You have not taken this quiz since the last reset